Plus grandes villes françaises commençant par la lettre C - Statistiques

Statistiques générales
  • Ce quiz a été pris 116 fois
  • Le résultat moyen est 10 sur 28
Statistiques - réponses
Population Réponse % Correct
108k Caen
81%
73k Cannes
72%
46k Carcassonne
60%
147k Clermont-Ferrand
59%
93k Créteil
58%
67k Calais
57%
78k Cherbourg-Octeville
51%
68k Colmar
49%
42k Castres
42%
45k Chalon-sur-Saône
41%
46k Charleville-Mézières
40%
60k Chambéry
39%
42k Châteauroux
39%
68k Cergy
35%
89k Colombes
33%
65k Clichy
32%
54k Clamart
28%
43k Châlons-en-Champagne
27%
54k Cholet
24%
63k Cayenne
23%
82k Courbevoie
23%
40k Compiègne
19%
53k Corbeil-Essones
16%
53k Cagnes-sur-Mer
14%
46k Choisy-le-Roi
11%
78k Champigny-sur-Marne
9%
54k Chelles
8%
43k Caluire-et-Cuire
7%
Aucun quiz correspondant
Distribution des résultats
% des personnes avec chaque résultat
Percentile par nombre de réponses
Votre historique - résultats
Vous n’avez pas pris ce quiz